000 00805nam a22002295i 4500
001 176780
003 ES-MaACL
005 20230906220159.0
008 110209s1969 sp |||| | spa d
080 _a27-246
080 _a27-248.3
100 0 _aSchelkle, Karl Hermann.
_9104284
245 1 0 _aSegunda carta a los corintios /
_cK. H. Schelkle ; [versión castellana de Marciano Villanueva Salas].
260 _aBarcelona :
_bHerder ;
_aMadrid :
_bPalabra,
_c1969.
300 _a246 p. ;
_c20 cm.
490 1 _aEl Nuevo Testamento y su mensaje ;
_v8
630 0 4 _aBiblia.
_pN. T.
_pCorintios II-
_vComentarios.
_9145119
700 1 _aVillanueva, Marciano.
_9115029
830 0 _aEl Nuevo Testamento y su mensaje ;
_v8
_9190229
852 _aES-MaACL
_jE-14255
_xOlim P-1830
999 _c176780
_d176780